01115nam a2200193 i 4500001000700000003000900007005001700016008004100033040001300074100004300087245020000130260004800330300004600378500031300424650003700737650005400774700005700828852003600885165409ES-MaACL20251014063241.0940202s1860 sp |||| | spa d aAS bspa1 aSimonet, Francisco Javier, d1829-189710aDescripción del reino de Granada bajo la dominación de los naseritasb: sacada de los autores árabes y seguida del texto inédito de Mohammed ebn Aljathib / cpor Francisco Javier Simonet. aMadrid : b[s.n.], c1860 (fImp. Nacional) a214, [10], 30 p., [1] h. pleg. ; c24 cm. aTexto árabe de la obra Ibn Arljatib, contenida en el códice 554 de los mss. árabes de la Biblioteca del Escorial, colección de varios opúsculos de dicho autor titulada "El justo peso de la experiencia" en la que se contienen descripciones geográficas varias y entre ellas la del reino de Granada.04aGranada (Reino)-xDescripción.04aGranada-xHistoria-yÉpoca musulmana, 711-1492.1 aIbn al-Hatib, Muhammad ibn 'Abd Allâh, d1313-1375 aES-MaACLjF-5418 z-- Enc. hol.